The Decorative Tile in Architecture and Interiors / (رقم التسجيلة. 83140)

تفاصيل مارك
000 -LEADER
fixed length control field 00514nam a22001937a 4500
005 - DATE AND TIME OF LATEST TRANSACTION
control field 20251108172600.0
008 - FIXED-LENGTH DATA ELEMENTS--GENERAL INFORMATION
fixed length control field 250721s9999 xx 000 0 eng d
082 14 - DEWEY DECIMAL CLASSIFICATION NUMBER
Classification number 729HER
100 1# - MAIN ENTRY--PERSONAL NAME
Personal name Herbert, Tony
245 14 - TITLE STATEMENT
Title The Decorative Tile in Architecture and Interiors /
264 1# - PRODUCTION, PUBLICATION, DISTRIBUTION, MANUFACTURE, AND COPYRIGHT NOTICE
Place of production, publication, distribution, manufacture London :
Name of producer, publisher, distributor, manufacturer Phaidon Press Limited,
300 ## - PHYSICAL DESCRIPTION
Extent 240p
650 17 - SUBJECT ADDED ENTRY--TOPICAL TERM
Topical term or geographic name as entry element Interiors Decoration
650 17 - SUBJECT ADDED ENTRY--TOPICAL TERM
Topical term or geographic name as entry element Bricke
650 17 - SUBJECT ADDED ENTRY--TOPICAL TERM
Topical term or geographic name as entry element Housing Design
700 1# - ADDED ENTRY--PERSONAL NAME
Personal name Huggins, Kathryn
Relator term Joint Author
942 ## - ADDED ENTRY ELEMENTS (KOHA)
Source of classification or shelving scheme Dewey Decimal Classification
Koha item type كتب
المقتنيات
حالة السحب حالة الفقدان مصدر التصنيف حالة التلف غير قابل للإعارة المكتبة الرئيسية المكتبة الحالية موقع الرف تاريخ التزويد الرقم المتسلسل Total Checkouts رقم الإستدعاء الباركود تاريخ آخر ظهور تاريخ الفاتورة نوع المادة (كوها)
    Dewey Decimal Classification   Not For Loan مكتبة تاريخ الأردن مكتبة تاريخ الأردن لا يعار 13/07/2004 918139   729HER 918139 28/07/2025 13/07/2004 كتب
Implemented & Customized by: BBB with SCIT (Smart Chains for Information Technology)

Powered by Koha